| 000 | 00615nam a2200217Ia 4500 | ||
|---|---|---|---|
| 999 |
_c1204 _d1204 |
||
| 020 | _a0-408-02290-6 | ||
| 082 | _a025.5 HAR-; | ||
| 100 | _aHartley, R.J. | ||
| 245 | 0 | _aOnline sereaching: principles and practice | |
| 260 |
_aLondon _bBowker-Saur _c1990 |
||
| 300 | _axvii, 387p. | ||
| 504 | _aincluides appendix | ||
| 650 | _aSearching, Bibliographical | ||
| 650 | _aOnline bibliographic researching | ||
| 650 | _aSearching databases | ||
| 650 | _aComputer searching | ||
| 650 | _aBibliographic researching, Online | ||
| 650 | _aInformation retrieval | ||
| 650 | _aDatabase searching | ||
| 942 | _cBK | ||